| 000 | 00532nam a2200205 a 4500 | ||
|---|---|---|---|
| 005 | 20230202063728.0 | ||
| 008 | 090522s2002 mx r 000 0 spa d | ||
| 020 | _a9706990526 | ||
| 035 | _aUPN01000170585 | ||
| 049 | _aCG | ||
| 050 | 4 |
_aPQ7298.29 A3.4 _bU5.3 |
|
| 100 | 1 |
_aSada, Daniel, _d1953-2011 _931584 |
|
| 245 | 1 | 0 |
_aUna de dos / _cDaniel Sada. |
| 260 |
_aMéxico : _bTusquets, _c2002. |
||
| 300 | _a135 p. | ||
| 440 | 0 | _aAndanzas | |
| 650 | 4 |
_aNovela mexicana _ySiglo XX _96052 |
|
| 905 | _aLibro | ||
| 999 |
_c142690 _d142690 |
||